000 00522nam a2200181Ia 4500
003 GCL
008 140319s9999 xx 000 0 eng d
020 _a9747047713
040 _aGCL /
_cGCL
082 0 4 _a584.40593
_bV W
100 1 _aVADDHANAPHUTI, NANTIYA
245 1 0 _aA FIELD GUIDE TO THE WILD ORCHIDS OF THAILAND /
_cVADDHANAPHUTI, NANTIYA
260 _a[S.N] :
_bSILKWORM BOOKS ،
_c1998
300 _a18 CM ؛
_c159 P
650 0 4 _aORCHIDS - THAILAND
650 0 4 _aTROPICAL PLANTS - THAILAND
942 _2ddc
_cBK
999 _c1763
_d1763